Responses for show #7560 - Friday, June 23, 2017

Contestants

Brittany Franckowiak, a high school biology teacher from Laurel, Maryland

Pat McNamee, a CPA from McLean, Virginia

Lisa Evans, an office manager from Easthampton, Massachusetts (whose 2-day cash winnings total $62,402)

Jeopardy! Round responses

QUICK GEOGRAPHY
TV IN THE STREAM
ORANGE
SCARY READING
"OOP"s
NOW YOU'VE STEPPED IN IT
    $200 26
the Thames

Pat
    $200 13
mirror

Brittany
    $200 21
the (Miami) Dolphins

Lisa
    $200 1
Rosemary's Baby

Lisa
    $200 8
a loophole

Brittany
    $200 6
quicksand

Lisa
    $400 27
San Juan

Lisa
    $400 14
Mindy Kaling

Brittany
    $400 22
baby carrots

Pat
    $400 2
The Hound of the Baskervilles

Lisa
    $400 9
a blooper

Lisa
    $400 7
concrete

Pat
    $600 28
the Andes

Lisa
    $600 15
BoJack Horseman

Brittany
    $600 23
Syracuse

Pat
    $500 3
A Dark Matter

Lisa
    $600 10
a stoop

Pat
    $600 18
the La Brea Tar Pits

Lisa
    $800 29
[The end-of-round signal sounds.]

Libya

Brittany
    $800 16
Luke Cage

Brittany
    $800 24
(Alex: With less than a minute.)

Ukraine

Lisa
    $800 4
Jaws

Lisa
    $800 11
sloop

Pat
    $800 19
a manhole

Lisa
    $1000 17
Catastrophe

Triple Stumper
    $1000 25
(Brittany: What is Angola?)

South Africa

PatBrittany
    $1000 5
[Applause for Lisa running the category]

H.P. Lovecraft

Lisa
    $1000 12
(Lisa: What is whoopie?)

hoopla

LisaPat
    $1000 20
a crevasse

Lisa

Scores at the first commercial break (after clue 15):

Lisa Pat Brittany
$2,500 $2,800 $1,400

Scores at the end of the Jeopardy! Round:

Lisa Pat Brittany
$6,900 $5,000 $2,000

Double Jeopardy! Round responses

FOUNDING FATHERS
THE KOREAN WAR
4-LETTER WORDS
AMERICAN ART
ASTRONOMY
"CENTER"-TAINMENT
    $400 6
(Mark) Zuckerberg

Pat
    $400 19
MASH units

Pat
    $400 22
flat

Brittany
    $400 13
the Louvre

Pat
    $400 1
Leo

Lisa
    $400 11
SportsCenter

Pat
    $800 7
the Salvation Army

Brittany
    $800 26
MacArthur

Pat
    $800 23
Yeti

Lisa
    $800 15
(Jackson) Pollock

Brittany
    $800 2
a supernova

Brittany
    $800 12
"Centerfold"

Lisa
    $1200 8
Hugo

Lisa
    $1200 28
MiGs

Lisa
    $1200 24
(Brittany: What is a harp?)

a viol

LisaBrittany
    $2,000 16
hope

Brittany
    $1200 3
Neptune

Brittany
    $1200 14
the Barclay Center

Lisa
    $1600 9
(Sun Myung) Moon

Pat
    $2,000 29
(Lisa: Who is Kim Il-Sung?)

Mao Tse-Tung

Lisa
    $1600 25
an iamb

Lisa
    $1600 17
(Lisa: What are the Adirondacks?)

the Catskills

Lisa
Triple Stumper
    $1600 4
infrared

Pat
    $1600 20
Center Square

Lisa
    $2000 10
(Lisa: Who is Firestone?)
(Brittany: Who is Goodyear?)

(B.F.) Goodrich

LisaPatBrittany
    $2000 30
Japan

Lisa
    $2000 27
udon

Brittany
    $2000 18
Christina's World

Lisa
    $2000 5
(Lisa: What are the Magellanic Clouds?)

the Oort Cloud

Lisa
Triple Stumper
    $2000 21
Journey to the Center of the Earth

Brittany

Scores at the end of the Double Jeopardy! Round:

Lisa Pat Brittany
$13,300 $12,600 $8,800

[wagering suggestions for these scores]

Final Jeopardy! Round responses

BOOKS OF THE 1960s
(Alex: [To Pat] What is it?)
(Pat: "Sucking" in my stomach during the show.)
...
(Alex: [To Lisa] The author in this case was Sylvia Plath, who committed suicide shortly after writing The Glass Jar--[*], [*].)
BrittanyWhat is the Glass Cage?
$8,800
PatWhat is I've been sucking
$5,001
LisaWhat is To Kill A Mockingbird?
$11,910
The Bell Jar

Final scores:

Lisa Pat Brittany
$1,390 $7,599 $0
2nd place: $2,000 New champion: $7,599 3rd place: $1,000

Game dynamics:

Coryat scores:

Lisa Pat Brittany
$15,400 $12,600 $8,000
25 R
(including 1 DD),
5 W
(including 1 DD)
16 R,
0 W
14 R
(including 1 DD),
3 W

Combined Coryat: $36,000

The J! Archive is created by fans, for fans. The Jeopardy! game show and all elements thereof, including but not limited to copyright and trademark thereto, are the property of Jeopardy Productions, Inc. and are protected under law. This website is not affiliated with, sponsored by, or operated by Jeopardy Productions, Inc. Join the discussion at JBoard.tv.